| 000 | 00476nam a2200169Ia 4500 | ||
|---|---|---|---|
| 003 | GCL | ||
| 008 | 140319s9999 xx 000 0 eng d | ||
| 040 |
_aGCL / _cGCL |
||
| 082 | 0 | 4 |
_a512,5 _bTL |
| 100 | 1 | _aTUCKER, ALAN | |
| 245 | 1 | 0 |
_aLiner Algebra: An Introduction to the Theory And Use Of Vectors And Matrices / _cTUCKER, ALAN |
| 260 |
_a[S.N] : _bMacmillan Publishing Company ، _c1993 |
||
| 300 | _a440.p | ||
| 650 | 0 | 4 | _aALGEBRAS |
| 650 | 0 | 4 | _aLINEAR |
| 942 |
_2ddc _cBK |
||
| 999 |
_c17979 _d17979 |
||